Barcelona 1000 graffitis /

Texto eminentemente fotográfico que pone de manifiesto no sólo la cantidad, sino la diversidad temática y técnica de intervenciones gráficas sobre las paredes y el mobiliario urbano de Barcelona.

Guardat en:
Dades bibliogràfiques
Autor principal: Puig, Rosa (fotografía y diseño)
Altres autors: Alvarez, Julia (programación y presentación) (programación y presentación), Català, Josep M. (presentación) (presentación), Demestres, Alberto G. (música) (música)
Format: Llibre
Idioma:espanyol
Publicat: Barcelona, España : Gustavo Gili, 2005, c2004
Matèries:
Etiquetes: Afegir etiqueta
Sense etiquetes, Sigues el primer a etiquetar aquest registre!

MARC

LEADER 00000nam^a2200000^a^4500
001 000182453
005 20250521000000.0
009 20260310102007.335
020 |a 84-252-2022-X 
037 |a Acervo ITESO - Biblioteca 
041 |a ESP 
082 |a 751. 73094672  |b PUI 
100 |a Puig, Rosa  |e (fotografía y diseño) 
245 1 0 |a Barcelona 1000 graffitis /  |c Fotografía y diseño de R. Puig ; autor del software y presen. de J. Alvarez ; presen. de J.M. Català ; música de A.G. Demestres. 
264 4 |a Barcelona, España :  |b Gustavo Gili,  |c 2005, c2004 
300 |a 256 p. +  |e 1 DVD sin dato de región (sin dato de duración) 
336 |a texto  |b txt  |2 rdacontenido 
337 |a sin mediación  |b n  |2 rdamedio 
338 |a volumen  |b nc  |2 rdasoporte 
520 |a Texto eminentemente fotográfico que pone de manifiesto no sólo la cantidad, sino la diversidad temática y técnica de intervenciones gráficas sobre las paredes y el mobiliario urbano de Barcelona. 
649 |a XX 
650 |a Graffiti -  |z Barcelona, España -  |x Historia y Crítica 
650 |a Graffiti -  |z España -  |x Historia y Crítica 
650 |a Pintura Mural -  |z Barcelona, España -  |x Historia y Crítica 
650 |a Pintura Mural -  |z España -  |x Historia y Crítica 
650 |a Pintura Popular -  |z Barcelona, España -  |x Historia y Crítica 
650 |a Pintura Popular -  |z España -  |x Historia y Crítica 
650 |a Pintura Española -  |x Historia y Crítica 
650 |a Imagen Urbana -  |z Barcelona, España 
650 |a Imagen Urbana -  |z España 
650 |a Comunicación Escrita -  |z Barcelona, España 
650 |a Comunicación Escrita -  |z España 
650 |a Comunicación Visual -  |z Barcelona, España 
650 |a Comunicación Visual -  |z España 
650 |a Arte Popular -  |z Barcelona, España -  |x Historia y Crítica 
650 |a Arte Popular -  |z España -  |x Historia y Crítica 
650 |a Arte Español -  |x Historia y Crítica 
650 |a Barcelona, España -  |x Descripción 
650 |a España -  |x Descripción 
650 |a Barcelona, España -  |x Fotografías 
650 |a España -  |x Fotografías 
740 0 |a Travelling Barcelona graffitis :  |b paseo virtual por la Barcelona del graffitis-mo alternativo de pared /  |c J. Alvarez. 
700 |a Alvarez, Julia  |e (programación y presentación) 
700 |a Català, Josep M.  |e (presentación) 
700 |a Demestres, Alberto G.  |e (música) 
910 |a Fondo General 
920 |a Impresos - Libros 
930 |a Reserva Especial 
905 |a 103 
901 |a 0500122058  |b IT1  |c REE  |u 20250521 
901 |a DVD0002944  |b IT2  |c DVR  |u 20250521 
902 |a https://opac.biblio.iteso.mx/vufind/Record/000182453